[Event "Perth Metro CC-chC"]
[Site "Perth"]
[Date "2006.04.13"]
[Round "7"]
[White "Pilgrim, R."]
[Black "Jones, Naison"]
[Result "1-0"]
[WhiteElo "1536"]
[BlackElo "1392"]
[PlyCount "61"]
[EventDate "2006.02.02"]
[EventType "tourn"]
[EventRounds "11"]
[EventCountry "AUS"]
[SourceTitle "EXT 2010"]
[Source "ChessBase"]
[SourceDate "2010.11.25"]
[SourceVersion "1"]
[SourceVersionDate "2010.11.25"]
[SourceQuality "1"]

1. Nf3 Nc6 2. g3 e5 3. d3 d5 4. Bg2 Nf6 5. 0-0 Be6 6. c3 Be7 7. b4 a6 8. Bb2 Qd7 9. Nbd2 Bh3 10. a4 Bxg2 11. Kxg2 Bd6 12. e4 0-0 13. exd5 Nxd5 14. Ne4 Qg4 15. Ng1 Qe6 16. Nxd6 cxd6 17. Kh1 Kh8 18. Qf3 Nce7 19. b5 b6 20. Rfd1 f5 21. c4 Nc7 22. Qb7 Rfc8 23. Qxb6 f4 24. gxf4 Rab8 25. Qe3 axb5 26. axb5 Rf8 27. Ne2 Qf7 28. Rg1 Ne6 29. fxe5 Qxf2 30. Qxf2 Rxf2 31. Rg2 1-0

[Event "Perth Metro CC-chC"]
[Site "Perth"]
[Date "2006.03.09"]
[Round "5"]
[White "Garcia, Mat"]
[Black "Pilgrim, R."]
[Result "1-0"]
[WhiteElo "1489"]
[BlackElo "1536"]
[PlyCount "119"]
[EventDate "2006.02.02"]
[EventType "tourn"]
[EventRounds "11"]
[EventCountry "AUS"]
[SourceTitle "EXT 2010"]
[Source "ChessBase"]
[SourceDate "2010.11.25"]
[SourceVersion "1"]
[SourceVersionDate "2010.11.25"]
[SourceQuality "1"]

1. e4 c5 2. Nf3 Nc6 3. Bb5 d6 4. d4 cxd4 5. Qxd4 Bd7 6. Bxc6 Bxc6 7. Nc3 e5 8. Qd3 Nf6 9. Bg5 Be7 10. 0-0-0 Ng4 11. Be3 Nxe3 12. Qxe3 Qb6 13. Qxb6 axb6 14. Kb1 0-0 15. Nd5 Bd8 16. g4 Ra4 17. Rhe1 Bxd5 18. Rxd5 Bc7 19. Nd2 g6 20. b3 Rd4 21. Rxd4 exd4 22. Nf3 Re8 23. Rd1 Rxe4 24. Rxd4 Re2 25. Rd2 Re7 26. c4 Kg7 27. h3 Re6 28. Kc2 h6 29. Nd4 Re1 30. Nb5 Bd8 31. Kc3 Rh1 32. Rd3 Rf1 33. Rf3 Rc1+ 34. Kb2 Rd1 35. Kc2 Ra1 36. Kb2 Rd1 37. Kc2 Ra1 38. a3 Ra2+ 39. Kc3 Bf6+ 40. Kd3 Bg5 41. Kc3 Bf6+ 42. Kb4 Rd2 43. Nc7 Bd4 44. Nd5 Bxf2 45. Kb5 Ra2 46. a4 Bc5 47. Nxb6 Rd2 48. b4 Bd4 49. Nd5 Ba7 50. Nb6 Rd4 51. a5 Bxb6 52. axb6 h5 53. g5 Kf8 54. Re3 Rf4 55. c5 Rf5 56. Kc4 Rf4+ 57. Kd5 dxc5 58. bxc5 Rf5+ 59. Kd6 Rxg5 60. c6 1-0

[Event "Perth Respini-C"]
[Site "Perth"]
[Date "2005.09.22"]
[Round "4"]
[White "Pilgrim, R."]
[Black "Arnold, A."]
[Result "1/2-1/2"]
[WhiteElo "1513"]
[BlackElo "1359"]
[PlyCount "130"]
[EventDate "2005.09.01"]
[EventType "tourn"]
[EventRounds "9"]
[EventCountry "AUS"]
[SourceTitle "EXT 2010"]
[Source "ChessBase"]
[SourceDate "2010.11.25"]
[SourceVersion "1"]
[SourceVersionDate "2010.11.25"]
[SourceQuality "1"]

1. Nf3 d5 2. g3 e5 3. Nxe5 Nf6 4. Bg2 c6 5. d4 Nbd7 6. Nxd7 Bxd7 7. Nc3 Bb4 8. 0-0 0-0 9. Bd2 Re8 10. e3 Bxc3 11. Bxc3 Ne4 12. Be1 f5 13. f3 Nf6 14. Qd3 Qc7 15. Rc1 g6 16. c4 Be6 17. c5 Kg7 18. b4 a6 19. a4 Bd7 20. Bf2 Re7 21. Rce1 Rae8 22. Re2 Kf7 23. Rfe1 Kg7 24. Kh1 Kf7 25. e4 fxe4 26. fxe4 Bg4 27. Re3 Nxe4 28. Bxe4 dxe4 29. Rxe4 Rxe4 30. Rxe4 Bf5 31. Qb3+ Be6 32. Qf3+ Kg7 33. Qf4 Qxf4 34. Rxf4 Bd5+ 35. Kg1 Re2 36. g4 Rb2 37. Bg3 Rxb4 38. Rf2 Rxa4 39. Rb2 Kg8 40. Rxb7 Rxd4 41. Rb8+ Kf7 42. Ra8 Rc4 43. Rxa6 Rxc5 44. Ra7+ Kg8 45. Kf2 Rc4 46. g5 Rb4 47. Bd6 Rg4 48. Be7 Rg2+ 49. Ke3 Rxh2 50. Bf6 Rh3+ 51. Kd4 Rh4+ 52. Kc5 Re4 53. Rg7+ Kf8 54. Rxh7 Re6 55. Rg7 Be4 56. Rh7 Ke8 57. Kb6 c5+ 58. Kxc5 Bf5 59. Kd5 Ra6 60. Re7+ Kf8 61. Rc7 Ke8 62. Kc5 Re6 63. Rc8+ Kf7 64. Kd5 Re5+ 65. Kxe5 Bxc8 1/2-1/2